| 000 | 00701nam a2200265Ia 4500 | ||
|---|---|---|---|
| 003 | OSt | ||
| 005 | 20221006144054.0 | ||
| 006 | a|||||r|||| 00| 0 | ||
| 007 | ta | ||
| 008 | 221006b |||||||| |||| 00| 0 eng d | ||
| 020 |
_c _5.00 |
||
| 024 | _a10,806 | ||
| 037 | _cTextual | ||
| 040 |
_aEASL _cEASL _beng |
||
| 041 |
_2eng _aeng |
||
| 082 | _aW81.1, L1 | ||
| 100 | _aMILLER Norman Ed. | ||
| 245 | 0 |
_aNational liberation _b Revolution in third world |
|
| 260 |
_aNew York _bFree Press _c1971 |
||
| 300 |
_a308p. _ccm. |
||
| 490 | _v Oth | ||
| 700 | _a AYA Roderick Ed. | ||
| 942 |
_hW81.1, L1 _cTEXL _2CC |
||
| 999 |
_c1078892 _d1078892 |
||